Psicosis infantiles en los primeros años de vida (Registro nro. 90109)

Detalles MARC
001 - NÚMERO DE CONTROL
campo de control 114572
005 - FECHA Y HORA DE LA ÚLTIMA TRANSACCIÓN
campo de control 20260506081519.0
008 - DATOS DE LONGITUD FIJA--INFORMACIÓN GENERAL
campo de control de longitud fija 961204s1986 spa
020 ## - NÚMERO INTERNACIONAL ESTÁNDAR DEL LIBRO
Número Internacional Estándar del Libro 9501231135
035 ## - NÚMERO DE CONTROL DEL SISTEMA
Número de control de sistema 114572
035 ## - NÚMERO DE CONTROL DEL SISTEMA
Número de control de sistema (OCoLC)777959295
040 ## - FUENTE DE LA CATALOGACIÓN
Centro/agencia transcriptor comduadb
041 ## - CÓDIGO DE LENGUA
Código de lengua del texto/banda sonora o título independiente spa
082 #4 - NÚMERO DE LA CLASIFICACIÓN DECIMAL DEWEY
Número de clasificación 155
100 10 - ENTRADA PRINCIPAL--NOMBRE DE PERSONA
Nombre de persona Rosenthal, Judith
Código de función aut
Término indicativo de función/relación Autor/a
9 (RLIN) 271602
245 10 - MENCIÓN DE TÍTULO
Título Psicosis infantiles en los primeros años de vida
250 ## - MENCIÓN DE EDICIÓN
Mención de edición 1. edición
260 ## - PUBLICACIÓN, DISTRIBUCIÓN, ETC.
Lugar de publicación, distribución, etc. Argentina :
Nombre del editor, distribuidor, etc. Ediciones Paidós,
Fecha de publicación, distribución, etc. 1986.
300 ## - DESCRIPCIÓN FÍSICA
Extensión 275 páginas.
505 ## - NOTA DE CONTENIDO CON FORMATO
Nota de contenido con formato CONTENIDO : Introducción. -- 1: Los antecedentes históricos. -- 2: el diagnóstico de la psicosis infantil. -- 3: Desarrollo normal. -- La interacción inicial madre -hijo. -- 4: El desarrollo mental interno en la primera infancia. -- 5: Metodología de la investigación sobre la temprana historia natural de la psicosis infantil. -- 6: estudios de casos. -- 7: Evaluaciones a ciegas de la interacción madre-hijo en filmes en la primera infancia de niños pre psicóticos y normales. -- 8: Análisis, con base en Piaget, el desarrollo intelectual desde el nacimiento hasta dos años, en niños después psicóticos. -- 9: Resumen de los descubrimientos de la investigación sobre la temprana historia de la psicosis infantil: hacia una teoría etiológica. -- Observaciones de conducta. -- 10: Síntesis en una teoría etiológica del desarrollo psicótico 11: El tratamiento de la psicosis en los cuatro primeros años de vida: integración de las ideas y la experiencia anterior. -- Apéndice. -- Bibliografía.
650 ## - PUNTO DE ACCESO ADICIONAL DE MATERIA--TÉRMINO DE MATERIA
Término de materia o nombre geográfico como elemento de entrada Psicosis en niños
9 (RLIN) 36670
650 #0 - PUNTO DE ACCESO ADICIONAL DE MATERIA--TÉRMINO DE MATERIA
Término de materia o nombre geográfico como elemento de entrada Psicopatología infantil
9 (RLIN) 43467
700 10 - ENTRADA AGREGADA--NOMBRE PERSONAL
Nombre de persona Massie, Henry N.
Código de función aut
Término indicativo de función/relación Autor/a
9 (RLIN) 271601
942 ## - ELEMENTOS DE ENTRADA AGREGADA (KOHA)
Tipo de ítem Koha Libros
Existencias
Estado de retiro Estado de pérdida Estado dañado No para préstamo Código de colección Localización permanente Ubicación/localización actual Fecha de adquisición Fuente de adquisición Coste, precio normal de compra Número de inventario Total de préstamos Signatura topográfica completa Código de barras Fecha visto por última vez Fecha del último préstamo Número de copia Precio válido a partir de Tipo de ítem Koha
        Colección General Piso 2 Biblioteca Carlos Gaviria Díaz, Campus Medellín Biblioteca Carlos Gaviria Díaz, Campus Medellín 04/12/1996 Otros proveedores 29500.00 C168717 2 155.4 M417p 61000000689980 22/09/2024 17/04/2024 1 22/04/2023 Libros